000 00256nam a22001217a 4500
008 170403b xxu||||| |||| 00| 0 eng d
041 _aeng
080 _a574
100 _a9
101 _aSHM
245 _aECOLOGY MEANING
_cRAPPAPORTR.R.A
942 _2udc
_cBK
999 _c9557
_d9557